| 000 | 01096nam a22002537a 4500 | ||
|---|---|---|---|
| 005 | 20170124103203.0 | ||
| 010 | _aB-179213 | ||
| 020 |
_c200.00 _a8181431251 |
||
| 035 | _aB-179213 | ||
| 037 | _bCen Lib/Ret | ||
| 040 |
_aDPL _bHN |
||
| 082 |
_a305.5 _bउपाध्या |
||
| 100 |
_aउपाध्याय, भगवत शरण _992615 |
||
| 245 |
_aखून की छीटें : _cभगवत शरण उपाध्याय _bइतिहास के पन्नों पर / |
||
| 246 |
_aKhoon ki chiten : itihas ke panno par / _bby Bhagavat Sharan Upadhyaya |
||
| 260 |
_aनयी दिल्ली _bवाणी प्रकाशन _c2004 |
||
| 270 |
_bनयी दिल्ली _a21-ए, दरियागंज _e110002 |
||
| 300 |
_a144पृ. _c20सेमी(सजिल्द ) |
||
| 650 |
_aभारत - सभ्यता _x _z _992616 |
||
| 650 |
_aसभ्यता _992617 |
||
| 650 |
_aCivilization. _915651 |
||
| 650 |
_aIndia -- Civilization. _912282 |
||
| 942 |
_2ddc _cHN _h305.5 _mउपाध्या |
||
| 999 |
_c120786 _d120786 |
||